The new international Webster's pocket business dictionary of the English language / (Record no. 9580)
[ view plain ]
| 000 -LEADER | |
|---|---|
| fixed length control field | 00817cam a2200265 a 4500 |
| 001 - CONTROL NUMBER | |
| JCCL Control Number | 9580 |
| 003 - CONTROL NUMBER IDENTIFIER | |
| JCCL marc code | BD-JhCC |
| 005 - DATE AND TIME OF LATEST TRANSACTION | |
| control field | 20180322162347.0 |
| 008 - FIXED-LENGTH DATA ELEMENTS--GENERAL INFORMATION | |
| fixed length control field | 180319s2001 ii d 000 0 eng |
| 020 ## - INTERNATIONAL STANDARD BOOK NUMBER | |
| International Standard Book Number | 1888777532 |
| 035 ## - SYSTEM CONTROL NUMBER | |
| system control number | (BD-JhCC)9580 |
| 040 ## - CATALOGING SOURCE | |
| Original cataloging agency | DLC |
| Transcribing agency | DLC |
| Modifying agency | DLC |
| -- | BD-JhCC |
| 041 ## - LANGUAGE CODE | |
| Language code of Book | eng |
| 050 00 - LIBRARY OF CONGRESS CALL NUMBER | |
| Classification number | HF1001 |
| Item number | .N49 2001 |
| 082 00 - DEWEY DECIMAL CLASSIFICATION NUMBER | |
| Classification number | 650/.03 |
| DDC Edition number | 21 |
| Author mark and Year | THE 2001 |
| 245 04 - TITLE STATEMENT | |
| Title | The new international Webster's pocket business dictionary of the English language / |
| 246 30 - VARYING FORM OF TITLE | |
| Title proper/short title | Webster's pocket business dictionary |
| 250 ## - EDITION STATEMENT | |
| Edition statement | 2000 ed, new rev. ed. |
| 260 ## - PUBLICATION, DISTRIBUTION, ETC. (IMPRINT) | |
| Place of publication, distribution, etc | [Naples, Fla.] : |
| Name of publisher, distributor, etc | Trident Press International, |
| Date of publication, distribution, etc | 2001 printing. |
| 300 ## - PHYSICAL DESCRIPTION | |
| Pagination | 318 p. ; |
| Dimensions | 18 cm. |
| 650 #0 - SUBJECT ADDED ENTRY--TOPICAL TERM | |
| Topical term or geographic name as entry element | Business |
| Form subdivision | Dictionaries. |
| 650 #0 - SUBJECT ADDED ENTRY--TOPICAL TERM | |
| Topical term or geographic name as entry element | English language |
| General subdivision | Business English |
| Form subdivision | Dictionaries. |
| 942 ## - ADDED ENTRY ELEMENTS (KOHA) | |
| Source of classification or shelving scheme | Dewey Decimal Classification |
| Koha item type | Reference |
| Source of classification or shelving scheme | Damaged status | Not for loan | Home library | Current library | Shelving location | Total Checkouts | Full call number | Barcode | Date last seen | Copy number | Koha item type |
|---|---|---|---|---|---|---|---|---|---|---|---|
| Dewey Decimal Classification | JCC Rouf Library | JCC Rouf Library | General Stacks | 650/.03 NEW 2001 | 12721 | 03/19/2018 | C - 1 | Reference | |||
| Dewey Decimal Classification | JCC Rouf Library | JCC Rouf Library | General Stacks | 650/.03 NEW 2001 | 12720 | 03/19/2018 | C - 2 | Reference | |||
| Dewey Decimal Classification | JCC Rouf Library | JCC Rouf Library | General Stacks | 650/.03 NEW 2001 | 12719 | 03/19/2018 | C - 3 | Reference | |||
| Dewey Decimal Classification | JCC Rouf Library | JCC Rouf Library | General Stacks | 650/.03 THE 2001 | 12957 | 03/22/2018 | C - 4 | Reference |